000 00721nam a22002531 4500
001 34974
003 BD-RjUL
005 20211209052235.0
008 140520r19651960enka b 001 0 eng
035 _a(BD-RjUL)35068
035 _a(OCoLC)411100
040 _aDLC
_cODaWU
_dBD-RjUL
_beng
041 _aeng
082 _220
_a305.51220954
_bMAC 1965
100 1 _aMayer, Adrian C.
_912342
245 1 0 _aCaste and kinship in central India /
_cAdrian C Mayer
260 _aLondon :
_bRoutledge & Kengan Paul,
_cc1960.
300 _axvi, 295 p. :
_bill. :
_c22 cm.
504 _aIncludes Bibliography and index.
650 0 _aCaste
_zIndia.
_9106483
942 _2ddc
_cBK
999 _c34974
_d34974